Etiqueta de registo: 00254nam 2200025 450
001 2283838
003 http://id.bnportugal.gov.pt/bib/catbnp/2283838
010 ## $a978-989-36420-3-0
021 ## $aPT$b557673/25
100 ## $a20260407d2025 m y0pory01030103ba
101 0# $apor
102 ## $aPT
105 ## $aa z 000yy
106 ## $ar
200 1# $a O exterior do interior$fcoord. Tânia Silva$fautores Ana Gilbert... [et al.]
210 #9 $a[S.l.]$cEAPN - Rede Europeia Anti-Pobreza,$d2025
215 ## $a107 p.$cil.$d22 cm
675 ## $a343.81(469.325)$vBN$zpor$31998548
675 ## $a77.03$vBN$zpor$3290160
675 ## $a821.1/.8-82"20"$vBN$zpor$31609015
701 #1 $aGilbert,$bAna$4070$31859670
702 #1 $aSilva,$bTânia$4340$31994949
801 #0 $aPT$bBN$gRPC
966 ## $lBN$mFGMON$x1
971 ## $ccsilva$d20260407
973 ## $cigoulao$d20260515